[Event "Gibtelecom Masters"]
[Site "Catalan Bay ENG"]
[Date "2007.01.31"]
[Round "8"]
[White "Perez Romero,C"]
[Black "Vea,O"]
[Result "0-1"]
[WhiteElo "2019"]
[BlackElo "2147"]
[EventDate "2007.01.23"]

1. e4 c5 2. Nc3 g6 3. f4 Bg7 4. Nf3 e6 5. d3 Ne7 6. Be2 d5 7. O-O O-O 8.
Qe1 Nbc6 9. Bd2 Nd4 10. Nxd4 cxd4 11. Nd1 dxe4 12. dxe4 f5 13. Bc4 Kh8 14.
Rf3 Bd7 15. Rh3 fxe4 16. Qxe4 Nf5 17. Bd3 Re8 18. g4 Bc6 19. Qe2 Qd5 20.
Qf1 Ne3 21. Nxe3 dxe3 22. Bxe3 Bd4 23. Re1 Rf8 24. Bxd4+ Qxd4+ 25. Rhe3
Rxf4 26. Qh3 Raf8 27. Be2 Qd5 0-1

[Event "Gibtelecom Masters"]
[Site "Catalan Bay ENG"]
[Date "2007.01.31"]
[Round "8"]
[White "Campbell,I"]
[Black "Thurlow,K"]
[Result "1/2-1/2"]
[WhiteElo "2008"]
[BlackElo "2119"]
[EventDate "2007.01.23"]

1. d4 Nf6 2. Nf3 e6 3. e3 b6 4. Bd3 Bb7 5. O-O Be7 6. Nbd2 d5 7. b3 O-O 8.
Bb2 Nbd7 9. Qe2 Ne4 10. Rac1 c5 11. c4 Rc8 12. Rfd1 f5 13. Ne5 Nxe5 14.
dxe5 Qe8 15. f3 Nxd2 16. Rxd2 d4 17. Rcd1 dxe3 18. Qxe3 Rd8 19. Be2 Qc6 20.
Rxd8 Rxd8 21. Rxd8+ Bxd8 22. Qd2 Be7 23. Kf2 Kf7 24. Qd3 Ke8 25. Bc3 Qd7
26. Qxd7+ Kxd7 27. Bd3 Bc6 1/2-1/2

[Event "Gibtelecom Masters"]
[Site "Catalan Bay ENG"]
[Date "2007.01.31"]
[Round "8"]
[White "Fellousi,A"]
[Black "Johnsen Kjell,M"]
[Result "0-1"]
[WhiteElo "2118"]
[BlackElo "1890"]
[EventDate "2007.01.23"]

1. e4 g6 2. c4 Bg7 3. d4 d6 4. Nc3 Nd7 5. f4 e5 6. Nf3 exd4 7. Nxd4 Ngf6 8.
Be2 O-O 9. O-O Re8 10. Bf3 Nc5 11. Re1 c6 12. h3 Qb6 13. Kh2 Qb4 14. Nc2
Qxc4 15. Qxd6 Ncxe4 16. Bxe4 Nxe4 17. Nxe4 Rxe4 18. Qd8+ Bf8 19. f5 Qd5 20.
Qxf8+ Kxf8 21. Bh6+ Ke8 22. Rxe4+ Qxe4 0-1

[Event "Gibtelecom Masters"]
[Site "Catalan Bay ENG"]
[Date "2007.01.31"]
[Round "8"]
[White "Benaddi,M"]
[Black "Dawson,J"]
[Result "1-0"]
[WhiteElo "2084"]
[BlackElo "2027"]
[EventDate "2007.01.23"]

1. e4 d5 2. exd5 Qxd5 3. Nc3 Qa5 4. d4 c6 5. Bc4 Bf5 6. Nf3 Nf6 7. Ne5 e6
8. g4 Bg6 9. h4 Be4 10. Rh3 Bg2 11. Re3 Bd5 12. g5 Ne4 13. Qf3 Nd6 14. Bxd5
cxd5 15. Bd2 Nf5 16. Qxf5 1-0

[Event "Gibtelecom Masters"]
[Site "Catalan Bay ENG"]
[Date "2007.01.31"]
[Round "8"]
[White "Jameson,D"]
[Black "Solaroli,R"]
[Result "1-0"]
[WhiteElo "1972"]
[BlackElo "1960"]
[EventDate "2007.01.23"]

1. e4 d5 2. exd5 Nf6 3. d4 Nxd5 4. c4 Nb6 5. Nc3 e5 6. dxe5 Qxd1+ 7. Nxd1
Bb4+ 8. Bd2 Bxd2+ 9. Kxd2 Nc6 10. f4 Bf5 11. b3 O-O-O+ 12. Kc3 Rd4 13. Ne3
Be4 14. Nh3 Rhd8 15. Nf2 Ne7 16. c5 Na8 17. Bc4 Bc6 18. Nh3 b5 19. cxb6
Nxb6 20. Ba6+ Kb8 21. Rhe1 Rd2 22. Be2 a5 23. Rad1 Rxd1 24. Rxd1 Rxd1 25.
Bxd1 Ned5+ 26. Nxd5 Nxd5+ 27. Kd4 Nb4 28. a3 Bxg2 29. axb4 Bxh3 30. bxa5
Be6 31. b4 Ka7 32. Kc5 Bd7 33. Bb3 Be8 34. Bd5 f6 35. e6 g5 36. fxg5 fxg5
37. Bc6 1-0

[Event "Gibtelecom Masters"]
[Site "Catalan Bay ENG"]
[Date "2007.01.31"]
[Round "8"]
[White "Bellin,R"]
[Black "Kristjansson,St"]
[Result "1/2-1/2"]
[WhiteElo "2381"]
[BlackElo "2485"]
[EventDate "2007.01.23"]

1. d4 Nf6 2. Nf3 e6 3. Bg5 c5 4. e3 b6 5. d5 exd5 6. Bxf6 Qxf6 7. Nc3 Bb7
8. Nxd5 Qd6 9. e4 Nc6 10. Bc4 g6 11. Qe2 Bg7 12. Rd1 Nd4 13. Nxd4 cxd4 14.
O-O O-O 15. c3 Rae8 16. Rfe1 dxc3 17. Nxc3 Qc5 18. Nd5 Kh8 19. b4 Qd6 20.
Qd2 Rc8 21. Bb3 Rfe8 22. f4 Qb8 23. e5 Bxd5 24. Bxd5 f6 25. e6 dxe6 26.
Bxe6 Rcd8 27. Bd7 Rxe1+ 28. Rxe1 f5 29. a3 Qc7 30. Rd1 a5 31. g3 axb4 32.
axb4 Bf6 33. Qd5 Kg7 34. b5 Qc3 35. Kg2 Qe3 36. Qf3 Qxf3+ 1/2-1/2

[Event "Gibtelecom Masters"]
[Site "Catalan Bay ENG"]
[Date "2007.01.31"]
[Round "8"]
[White "Epishin,V"]
[Black "Teran Alvarez,I"]
[Result "1-0"]
[WhiteElo "2554"]
[BlackElo "2417"]
[EventDate "2007.01.23"]

1. d4 Nf6 2. c4 c5 3. d5 b5 4. Nd2 bxc4 5. e4 c3 6. bxc3 g6 7. Ngf3 Bg7 8.
Rb1 O-O 9. Qc2 d6 10. Bd3 Nbd7 11. O-O Nb6 12. Re1 Qc7 13. c4 Nh5 14. Nf1
e5 15. Ng3 Nf4 16. Bxf4 exf4 17. Ne2 1-0

[Event "Gibtelecom Masters"]
[Site "Catalan Bay ENG"]
[Date "2007.01.31"]
[Round "8"]
[White "Carame Gonzalez,F"]
[Black "Urbina Perez,J"]
[Result "1/2-1/2"]
[WhiteElo "1916"]
[BlackElo "2114"]
[EventDate "2007.01.23"]

1. e4 c5 2. Nf3 d6 3. d4 cxd4 4. Nxd4 Nf6 5. Nc3 a6 6. Bc4 e6 7. Bb3 b5 8.
O-O Qc7 9. Be3 Nc6 10. f4 b4 11. Na4 Rb8 12. c3 Na5 13. cxb4 Nxb3 14. axb3
Bd7 15. Nc3 Qb7 16. e5 Nd5 17. Nxd5 Qxd5 18. Qf3 Qxf3 19. Rxf3 dxe5 20.
fxe5 Bxb4 21. Rxa6 O-O 22. Nc6 Bxc6 23. Rxc6 Rfc8 24. Rc4 Ba5 25. Rxc8+
Rxc8 26. Rf4 Kf8 27. Rc4 Rb8 28. Bc5+ Ke8 29. b4 Bc7 30. Bd6 Bxd6 31. exd6
h5 32. Kf2 f6 33. Ke3 Kd7 34. Rc7+ Kxd6 35. Rxg7 Rxb4 36. Rh7 Rxb2 37. Rxh5
Rxg2 38. Kf3 Rc2 39. h4 f5 40. Rh8 Ke5 41. h5 Rc3+ 42. Kg2 Kf4 43. h6 e5
44. Rg8 Rc2+ 45. Kg1 Rc7 46. Rg7 Rc6 47. h7 Rh6 48. Kg2 e4 49. Kf2 Ke5 50.
Ra7 Rh5 51. Kg3 Kf6 52. Kf4 Kg6 53. h8=Q Rxh8 54. Ra6+ 1/2-1/2

[Event "Gibtelecom Masters"]
[Site "Catalan Bay ENG"]
[Date "2007.01.31"]
[Round "8"]
[White "Sbia,B"]
[Black "Hickman,J"]
[Result "0-1"]
[WhiteElo "1914"]
[BlackElo "2052"]
[EventDate "2007.01.23"]

1. e4 d6 2. d4 Nf6 3. Nc3 g6 4. f3 c6 5. Be3 b5 6. Qd2 Nbd7 7. a4 b4 8. Nd1
a5 9. Nh3 Bg7 10. Ndf2 O-O 11. Bh6 Qc7 12. Bxg7 Kxg7 13. f4 c5 14. e5 Ne8
15. c3 Bb7 16. Ng5 h6 17. Nge4 Rc8 18. Bb5 cxd4 19. cxd4 dxe5 20. dxe5 Nb6
21. O-O Qb8 22. Qd4 Nd5 23. Nc5 Rxc5 24. Qxc5 Nxf4 25. g3 Ne6 26. Qe3 N8c7
27. Rfe1 Nxb5 28. axb5 Ng5 29. Ng4 Bc8 30. Rxa5 Qb7 0-1

[Event "Gibtelecom Masters"]
[Site "Catalan Bay ENG"]
[Date "2007.01.31"]
[Round "8"]
[White "Gonzalez Amaya,M"]
[Black "Yarur Elsaca,D"]
[Result "1/2-1/2"]
[WhiteElo "1891"]
[BlackElo "1913"]
[EventDate "2007.01.23"]

1. e4 e5 2. f4 d5 3. Nf3 Nf6 4. Nxe5 dxe4 5. Bc4 Be6 6. Qe2 Bc5 7. Bxe6
fxe6 8. Qb5+ Nbd7 9. Nxd7 Nxd7 10. Qxb7 O-O 11. Qxe4 Nf6 12. Qe5 Nd7 13.
Qe4 Rb8 14. d4 Nf6 15. Qe2 Qxd4 16. Nd2 Qd5 17. Nb3 Bb6 18. Bd2 Qc6 19.
O-O-O a5 20. Bxa5 Bxa5 21. Nxa5 Qa4 22. Qxe6+ Kh8 23. Nc6 Rfe8 24. Ne7 Qb4
25. Ng6+ hxg6 26. Qh3+ Kg8 27. Qb3+ Qxb3 28. cxb3 Re2 29. Rd2 Rbe8 30. a4
Kf7 31. Rhd1 Rxd2 32. Rxd2 Rb8 33. Rd4 Rxb3 34. Kc2 Re3 35. a5 Re6 36. Ra4
Nd5 37. Kd2 Rd6 38. Kc1 Rc6+ 39. Kd2 Rd6 40. Kc1 Ra6 41. Kd2 Rd6 42. Ke2
Ra6 43. g3 Ke6 44. Kd3 c5 45. Ra1 Nb4+ 46. Kc4 Kd6 47. Kb5 Ra8 48. Rd1+ Ke6
49. Kxc5 Rb8 50. Rd6+ Kf5 51. a6 Nxa6+ 52. Rxa6 Rxb2 53. h3 Rb3 1/2-1/2

[Event "Gibtelecom Masters"]
[Site "Catalan Bay ENG"]
[Date "2007.01.31"]
[Round "8"]
[White "Matto,M"]
[Black "Nyland,T"]
[Result "0-1"]
[WhiteElo "1915"]
[BlackElo "2124"]
[EventDate "2007.01.23"]

1. c4 e5 2. Nc3 Nf6 3. g3 Nc6 4. Bg2 Be7 5. d3 d6 6. Nf3 O-O 7. Bd2 h6 8.
h3 d5 9. g4 d4 10. Nb1 e4 11. Nh2 exd3 12. exd3 Bd6 13. O-O Nd7 14. f4 Nc5
15. Qc2 a5 16. a3 a4 17. Be1 Qe7 18. Bd2 f5 19. Re1 Qh4 20. Nf3 Qg3 21. Re2
fxg4 22. hxg4 Bxg4 23. Be1 Qxf4 24. Qd2 Qxd2 25. Nbxd2 Nxd3 0-1

[Event "Gibtelecom Masters"]
[Site "Catalan Bay ENG"]
[Date "2007.02.01"]
[Round "9"]
[White "Roiz,M"]
[Black "Bellaiche,A"]
[Result "1-0"]
[WhiteElo "2605"]
[BlackElo "2472"]
[EventDate "2007.01.23"]

1. d4 Nf6 2. Nf3 e6 3. c4 Bb4+ 4. Nbd2 b6 5. a3 Bxd2+ 6. Qxd2 Bb7 7. e3 O-O
8. Be2 d5 9. b3 Nbd7 10. O-O c5 11. Bb2 dxc4 12. bxc4 Ne4 13. Qd3 cxd4 14.
exd4 Rc8 15. a4 Re8 16. a5 Nd6 17. axb6 axb6 18. Rfc1 Bxf3 19. Bxf3 Nf5 20.
Be4 Qg5 21. Bxf5 exf5 22. Re1 h6 23. Bc3 Red8 24. Bb4 Qf4 25. Rad1 Rc6 26.
Bd2 Qg4 27. h3 Qh5 28. Qb3 Rdc8 29. Rc1 Rg6 30. Bf4 Nf6 31. Re5 Ne4 32. Qe3
Ng5 33. Kh2 Ne6 34. d5 Nc5 35. Rg1 Rg4 36. Qf3 Nd3 37. Qxg4 fxg4 38. Rxh5
Nxf4 39. Rf5 Rxc4 40. Rd1 1-0

[Event "Gibtelecom Masters"]
[Site "Catalan Bay ENG"]
[Date "2007.02.01"]
[Round "9"]
[White "Ris,R"]
[Black "Kaidanov,G"]
[Result "1-0"]
[WhiteElo "2403"]
[BlackElo "2595"]
[EventDate "2007.01.23"]

1. d4 e6 2. Nf3 d5 3. c4 Nf6 4. Nc3 c6 5. g3 Nbd7 6. Bg2 dxc4 7. O-O b5 8.
e4 Be7 9. d5 b4 10. dxe6 fxe6 11. Ne2 e5 12. Qc2 Qa5 13. Qxc4 Ba6 14. Qc2
Qc5 15. Qd1 Qb5 16. Re1 Bc5 17. Qb3 O-O-O 18. Bh3 Kb7 19. Ng5 Qb6 20. Be3
Bxe3 21. Qxe3 Qxe3 22. fxe3 Bc4 23. a3 h6 24. Nf3 a5 25. Nc1 Rhe8 26. Nd2
Nb6 27. Ncb3 Bxb3 28. Nxb3 Ra8 29. axb4 axb4 30. Na5+ Rxa5 31. Rxa5 Nc4 32.
Ra4 c5 33. Rea1 Nxb2 34. Ra7+ Kb6 35. R1a6+ Kb5 36. Bf1+ c4 37. Ra2 Nd3 38.
R7a5+ Kb6 39. Ra6+ Kb7 40. Bxd3 cxd3 41. R6a4 Rd8 42. Rxb4+ Kc6 43. Rc4+
Kb5 44. Rc1 Kb4 45. Rb2+ Ka3 46. Rb7 Ka2 47. Rc6 Ra8 48. Rd6 Ra3 49. Rdb6
Rc3 50. Ra7+ Ra3 51. Rxa3+ Kxa3 52. Rd6 Nxe4 53. Rxd3+ Kb4 54. Rd5 Kc4 55.
Rxe5 Kd3 56. Re7 g5 57. Rh7 Kxe3 58. Rxh6 Kf3 59. Ra6 1-0

[Event "Gibtelecom Masters"]
[Site "Catalan Bay ENG"]
[Date "2007.02.01"]
[Round "9"]
[White "Sengupta,D"]
[Black "Areshchenko,A"]
[Result "0-1"]
[WhiteElo "2416"]
[BlackElo "2644"]
[EventDate "2007.01.23"]

1. e4 c5 2. Nf3 d6 3. d4 Nf6 4. Nc3 cxd4 5. Nxd4 a6 6. Be2 e5 7. Nb3 Be7 8.
Bg5 Be6 9. Bxf6 Bxf6 10. Qd3 O-O 11. Nd5 Nd7 12. Rd1 Rc8 13. c3 Bg5 14. O-O
b5 15. g3 Kh8 16. Bf3 Nf6 17. Bg2 Nxd5 18. exd5 Bg4 19. Ra1 Qb6 20. Kh1
Rfe8 21. Nd2 Bd7 22. Be4 f5 23. Bg2 e4 24. Qc2 b4 25. f3 bxc3 26. bxc3 e3
27. Nb3 Bf6 28. Rac1 Rxc3 29. Qxc3 Bxc3 30. Rxc3 e2 31. Re1 Qf2 32. Rcc1
Rc8 33. Rb1 Ba4 34. f4 Bxb3 35. axb3 g6 36. Rg1 Rc3 37. b4 Rc4 38. Bh3 Kg7
0-1

[Event "Gibtelecom Masters"]
[Site "Catalan Bay ENG"]
[Date "2007.02.01"]
[Round "9"]
[White "Sandipan,C"]
[Black "Krush,I"]
[Result "1-0"]
[WhiteElo "2561"]
[BlackElo "2449"]
[EventDate "2007.01.23"]

1. c4 e5 2. g3 Nf6 3. Bg2 d5 4. cxd5 Nxd5 5. Nf3 Nc6 6. O-O Be7 7. d4 e4 8.
Ne5 f5 9. Nxc6 bxc6 10. Qc2 Nb4 11. Qa4 Bd7 12. a3 c5 13. Qd1 Nc6 14. dxc5
Bxc5 15. Bf4 g5 16. Bd2 Qe7 17. Nc3 Bd4 18. Rc1 O-O 19. Nb5 Bb6 20. Bxg5
Qxg5 21. Qxd7 Ne7 22. Nxc7 Rad8 23. Qe6+ Rf7 24. e3 Rd2 25. Nb5 Qf6 26.
Qxf6 Rxf6 27. b4 Nc6 28. Rfd1 Ra2 29. Nc3 Rxa3 30. Nd5 1-0

[Event "Gibtelecom Masters"]
[Site "Catalan Bay ENG"]
[Date "2007.02.01"]
[Round "9"]
[White "Pavlovic,Milo"]
[Black "Bellon Lopez,JuM"]
[Result "1-0"]
[WhiteElo "2521"]
[BlackElo "2442"]
[EventDate "2007.01.23"]

1. d4 d5 2. Nf3 Nf6 3. c4 c6 4. e3 Bg4 5. h3 Bxf3 6. Qxf3 e6 7. Bd3 Nbd7 8.
Nc3 Bb4 9. O-O O-O 10. Bd2 Qe7 11. a3 Bd6 12. Qe2 Rad8 13. c5 Bb8 14. f4
Rfe8 15. Rab1 g6 16. b4 Nh5 17. Qf2 f5 18. b5 Nxc5 19. dxc5 Qxc5 20. bxc6
bxc6 21. Ne2 Qxa3 22. Bc3 Rd7 23. Ra1 Qe7 24. Nd4 Qc5 25. Rfc1 e5 26. Bb2
Qf8 27. fxe5 Bxe5 28. Rxc6 f4 29. Re1 fxe3 30. Qxf8+ Kxf8 31. Re6 Rde7 32.
Rf1+ Rf7 33. Rxe8+ Kxe8 34. Bb5+ Kf8 35. Ne6+ Ke7 36. Bxe5 Rxf1+ 37. Kxf1
Kxe6 38. Bd4 Ng3+ 39. Ke1 Nf5 40. Bxa7 Ke5 41. Ke2 d4 42. Kd3 h5 43. Bc6 g5
44. Bf3 g4 45. hxg4 hxg4 46. Bxg4 Nh4 47. g3 Nf5 48. Bb8+ Kf6 49. Bf4 1-0

[Event "Gibtelecom Masters"]
[Site "Catalan Bay ENG"]
[Date "2007.02.01"]
[Round "9"]
[White "Tregubov,P"]
[Black "Wippermann,T"]
[Result "1/2-1/2"]
[WhiteElo "2613"]
[BlackElo "2403"]
[EventDate "2007.01.23"]

1. d4 Nf6 2. Nf3 d5 3. c4 e6 4. Nc3 c5 5. cxd5 Nxd5 6. e4 Nxc3 7. bxc3 cxd4
8. cxd4 Bb4+ 9. Bd2 Bxd2+ 10. Qxd2 O-O 11. Bc4 b6 12. O-O Bb7 13. Rfe1 Nd7
14. Rad1 Rc8 15. Bb3 Qf6 16. Qe3 Rfd8 17. h3 h6 18. Nh2 Qe7 19. Nf1 b5 20.
Ng3 a5 21. d5 exd5 22. Nf5 Qf6 23. Bxd5 Nc5 24. Qf3 Bxd5 25. exd5 Kh7 26.
Ne7 Qxf3 27. gxf3 Ra8 28. d6 Ra6 29. Re5 Ne6 30. d7 Nf8 31. Red5 Rb6 32.
Kf1 Rb7 33. Nc6 Rdxd7 34. Nxa5 Ra7 35. Rxd7 Nxd7 36. Nc6 Ra6 37. Rxd7 Rxc6
38. Rxf7 Ra6 39. Rb7 Rxa2 40. Rxb5 Kg6 41. Kg2 Kf6 42. Kg3 Rc2 43. f4 Rd2
44. h4 Rc2 45. f3 Rd2 46. Kg4 Rg2+ 47. Kh5 Rg3 48. Rb6+ Kf5 49. Rb8 Kxf4
50. Rf8+ Ke5 51. f4+ Ke6 52. Re8+ 1/2-1/2

[Event "Gibtelecom Masters"]
[Site "Catalan Bay ENG"]
[Date "2007.02.01"]
[Round "9"]
[White "Grooten,H"]
[Black "Greenfeld,A"]
[Result "1-0"]
[WhiteElo "2387"]
[BlackElo "2556"]
[EventDate "2007.01.23"]

1. d4 Nf6 2. c4 e6 3. Nf3 b6 4. a3 Ba6 5. Qc2 Bb7 6. Nbd2 d5 7. cxd5 exd5
8. g3 Bd6 9. Bg2 O-O 10. O-O Re8 11. Re1 c5 12. b3 Nbd7 13. Bb2 Rc8 14.
Rad1 Ba6 15. Bf1 Ne4 16. Qb1 Qe7 17. dxc5 Bxc5 18. Nxe4 dxe4 19. b4 Bd6 20.
Nd4 g6 21. Bh3 Rc7 22. Nc2 Be5 23. Rxd7 Rxd7 24. Bxe5 Rd2 25. Ba1 Bxe2 26.
Bc3 Rd3 27. Qb2 Bf3 28. Ne3 h5 29. Bf6 Qd6 30. Bh8 Qf8 31. Bf1 Rd6 32. Bc4
Red8 33. Bf6 R8d7 34. Qe5 Kh7 35. h4 a5 36. b5 Rd2 37. Qf4 Qd6 38. Be5 Qe7
39. Bf6 Qd6 40. Qg5 Qf8 41. a4 R7d6 42. Be7 Qc8 43. g4 1-0

[Event "Gibtelecom Masters"]
[Site "Catalan Bay ENG"]
[Date "2007.02.01"]
[Round "9"]
[White "Harika,D"]
[Black "Cramling,P"]
[Result "1/2-1/2"]
[WhiteElo "2421"]
[BlackElo "2530"]
[EventDate "2007.01.23"]

1. Nf3 d5 2. d4 Nf6 3. c4 c6 4. Nc3 dxc4 5. a4 Bf5 6. Nh4 Bg4 7. h3 Bh5 8.
g4 Bg6 9. Nxg6 hxg6 10. e3 e6 11. Bxc4 Nbd7 12. Qf3 a5 13. Bd2 Bb4 14. Rd1
Qe7 15. e4 e5 16. d5 Nc5 17. Kf1 Bxc3 18. Bxc3 Nfxe4 19. dxc6 Nxc3 20. cxb7
Qxb7 21. Bxf7+ Ke7 22. Qxb7+ Nxb7 23. bxc3 Kxf7 24. Rd7+ Kf6 25. Rxb7 Rab8
26. Rxb8 Rxb8 27. Kg2 Rb3 28. Rc1 Ra3 29. c4 Rxa4 30. c5 Rd4 31. c6 Rd8 32.
c7 Rc8 33. Rc6+ Kf7 34. Kf3 a4 35. Ke4 a3 36. Kxe5 a2 37. Ra6 Rxc7 38. Rxa2
Rc3 39. h4 Rf3 40. Ke4 Rh3 41. Kf4 Kg8 42. Kg5 Kh7 43. f4 Rb3 44. Ra5 Rb4
45. Re5 Ra4 46. f5 gxf5 47. Kxf5 Ra1 48. h5 Rf1+ 49. Kg5 Ra1 50. Re4 Rf1
51. Rd4 Ra1 52. Kf5 Rf1+ 53. Rf4 Rh1 54. Ke6 Kg8 55. Rf5 Re1+ 56. Re5 Rh1
57. Re4 Rh2 58. Rb4 Kh7 59. Rb5 g6 60. Kf6 Rf2+ 61. Kg5 gxh5 62. Rb7+ Kg8
63. Kxh5 Ra2 64. g5 Ra6 1/2-1/2

[Event "Gibtelecom Masters"]
[Site "Catalan Bay ENG"]
[Date "2007.02.01"]
[Round "9"]
[White "Ramesh,R"]
[Black "Ippolito,D"]
[Result "1-0"]
[WhiteElo "2483"]
[BlackElo "2397"]
[EventDate "2007.01.23"]

1. e4 e5 2. Bc4 Nf6 3. d3 Nc6 4. Nf3 Bc5 5. c3 a6 6. Bb3 Ba7 7. Nbd2 O-O 8.
h3 h6 9. Nc4 d6 10. Ne3 Be6 11. g4 Nh7 12. Rg1 Na5 13. Bc2 f6 14. h4 Qe8
15. d4 Nc4 16. Nf5 d5 17. Qd3 Nd6 18. Nxd6 cxd6 19. Be3 Qb5 20. Qxb5 axb5
21. Bb3 Rfe8 22. exd5 exd4 23. Nxd4 Bxd4 24. cxd4 Bf7 25. Kd2 Nf8 26. g5
hxg5 27. hxg5 f5 28. Bc2 Bxd5 29. Bxf5 Rxa2 30. Rxa2 Bxa2 31. Ra1 Bd5 32.
Ra5 Bc6 33. Bd3 Rd8 34. f4 Nd7 35. d5 Bxd5 36. Rxb5 Nc5 37. Bxc5 dxc5 38.
Rxc5 Be4 39. Rc3 Rd7 40. Ke3 Bxd3 41. Rxd3 Rc7 42. f5 g6 43. f6 Rc5 44. Kf4
Rf5+ 45. Kg4 Rb5 46. Rd7 Rxb2 47. Rg7+ Kf8 48. Rxg6 Rg2+ 49. Kf3 Rg1 50.
Rg7 b5 51. Kf4 b4 52. Rb7 b3 53. Kf5 b2 54. Rb8+ Kf7 55. g6+ 1-0

[Event "Gibtelecom Masters"]
[Site "Catalan Bay ENG"]
[Date "2007.02.01"]
[Round "9"]
[White "Dzagnidze,N"]
[Black "Houska,Jo"]
[Result "0-1"]
[WhiteElo "2463"]
[BlackElo "2384"]
[EventDate "2007.01.23"]

1. d4 d5 2. c4 c6 3. Nf3 Nf6 4. Nc3 e6 5. Bg5 Be7 6. e3 h6 7. Bh4 O-O 8.
Rc1 Nbd7 9. Bd3 dxc4 10. Bxc4 b5 11. Bd3 Bb7 12. O-O Rc8 13. a3 a5 14. Bxf6
Nxf6 15. Ne4 c5 16. Nxc5 Bxf3 17. gxf3 e5 18. Bf5 exd4 19. Bxc8 Qxc8 20.
Qxd4 Qh3 21. Qf4 Rd8 22. Qg3 Qh5 23. Ne4 Nxe4 24. fxe4 Rd6 25. Kh1 Rg6 26.
Qb8+ Kh7 27. f4 Qe2 0-1

[Event "Gibtelecom Masters"]
[Site "Catalan Bay ENG"]
[Date "2007.02.01"]
[Round "9"]
[White "Greet,A"]
[Black "Arakhamia,K"]
[Result "1-0"]
[WhiteElo "2425"]
[BlackElo "2437"]
[EventDate "2007.01.23"]

1. e4 c5 2. Nf3 e6 3. c3 Nf6 4. e5 Nd5 5. d4 cxd4 6. cxd4 b6 7. Bd3 Ba6 8.
O-O Be7 9. Nc3 Nxc3 10. bxc3 O-O 11. c4 d5 12. exd6 Qxd6 13. Bb2 Nd7 14.
Qe2 Qf4 15. Qe3 Qxe3 16. fxe3 Rac8 17. Rfc1 Rc7 18. a4 Bb7 19. a5 bxa5 20.
c5 e5 21. Bf5 e4 22. Bxd7 exf3 23. c6 Bb4 24. Bc3 Bc8 25. Bxc8 Rfxc8 26. d5
Rd8 27. Rxa5 Bxc3 28. Rxc3 fxg2 29. Rb5 Kf8 30. Rb7 Rcc8 31. c7 Rxd5 32.
Rb8 1-0

[Event "Gibtelecom Masters"]
[Site "Catalan Bay ENG"]
[Date "2007.02.01"]
[Round "9"]
[White "Dworakowska,J"]
[Black "Spraggett,K"]
[Result "0-1"]
[WhiteElo "2376"]
[BlackElo "2633"]
[EventDate "2007.01.23"]

1. e4 c5 2. Nf3 d6 3. d4 Nf6 4. Nc3 cxd4 5. Nxd4 e6 6. Be2 a6 7. f4 Qc7 8.
Be3 Be7 9. O-O O-O 10. g4 d5 11. e5 Ne4 12. Bd3 Nxc3 13. bxc3 Qxc3 14. Rf3
g6 15. Kg2 Nd7 16. h4 Nc5 17. h5 Bd7 18. Bf2 Nxd3 19. Rxd3 Qc4 20. Qh1 g5
21. f5 Rac8 22. f6 Bc5 23. Rd2 Ba4 24. h6 Bxd4 25. Bxd4 Bxc2 26. Qh5 Bg6
27. Qxg5 Qa4 28. Rf1 Rc4 29. Qe3 Rfc8 30. Rff2 b5 31. Kg3 Qa5 32. Kh4 b4
33. Rf5 Qb5 34. Rg5 Rc1 35. Rxg6+ fxg6 36. f7+ Kxf7 37. Qg5 Rf1 38. Bf2 Qd7
39. Qf6+ Kg8 40. Rxd5 exd5 41. e6 Qc7 42. e7 Rh1+ 43. Kg5 Qc1+ 0-1

[Event "Gibtelecom Masters"]
[Site "Catalan Bay ENG"]
[Date "2007.02.01"]
[Round "9"]
[White "Sachdev,T"]
[Black "Korchnoi,V"]
[Result "1/2-1/2"]
[WhiteElo "2380"]
[BlackElo "2629"]
[EventDate "2007.01.23"]

1. d4 Nf6 2. Nf3 g6 3. c4 Bg7 4. g3 c5 5. Bg2 cxd4 6. Nxd4 Nc6 7. O-O O-O
8. Nc3 Qa5 9. Nb3 Qb4 10. c5 d6 11. cxd6 exd6 12. Bf4 Rd8 13. Bg5 Be6 14.
Qd2 Rd7 15. Rfd1 Ne8 16. Nd5 Qxd2 17. Rxd2 h6 18. Be3 g5 19. Rc1 Kf8 20.
Nd4 Bxd5 21. Bxd5 Nxd4 22. Bxd4 Bxd4 23. Rxd4 Rad8 24. h4 Nf6 25. hxg5 hxg5
26. Bb3 d5 27. e3 a6 28. a4 a5 29. Rc5 b6 30. Rc6 Rd6 31. Bxd5 1/2-1/2

[Event "Gibtelecom Masters"]
[Site "Catalan Bay ENG"]
[Date "2007.02.01"]
[Round "9"]
[White "Revesz,Z"]
[Black "Rogers,I"]
[Result "1-0"]
[WhiteElo "2245"]
[BlackElo "2529"]
[EventDate "2007.01.23"]

1. e4 e6 2. d4 d5 3. Nc3 Bb4 4. e5 Qd7 5. Qg4 f5 6. Qg3 b6 7. a3 Bxc3+ 8.
bxc3 Ba6 9. Bxa6 Nxa6 10. Nh3 Nb8 11. Nf4 Nc6 12. Nxe6 Qxe6 13. Qxg7 O-O-O
14. Qxh8 Qg6 15. Kf1 Rd7 16. h4 Rg7 17. g4 fxg4 18. h5 Qf7 19. e6 Qf6 20.
Bf4 Qxf4 21. Qxg7 Nf6 22. Rg1 Ne4 23. Qf7 Qd2 24. Re1 Qxc2 25. Rxg4 Qxc3
26. Re3 Qxd4 27. Rgxe4 1-0

[Event "Gibtelecom Masters"]
[Site "Catalan Bay ENG"]
[Date "2007.02.01"]
[Round "9"]
[White "Abergel,T"]
[Black "Butnorius,A"]
[Result "1-0"]
[WhiteElo "2475"]
[BlackElo "2402"]
[EventDate "2007.01.23"]

1. d4 Nf6 2. Nf3 e6 3. e3 b6 4. Bd3 Bb7 5. O-O c5 6. c4 Be7 7. Nc3 cxd4 8.
exd4 d5 9. cxd5 Nxd5 10. Ne5 O-O 11. Qh5 g6 12. Qh3 Nxc3 13. bxc3 Bf6 14.
Ng4 h5 15. Nxf6+ Qxf6 16. Qg3 Rc8 17. Bg5 Qg7 18. Rac1 Nd7 19. Rfe1 a6 20.
Qd6 Bc6 21. c4 Nf6 22. Rcd1 Ne8 23. Qf4 b5 24. c5 Nc7 25. h4 Nd5 26. Qg3 b4
27. Bc4 Nc3 28. Qf4 Bd5 29. Bf6 Qf8 30. Bd3 Nxd1 31. Re5 Qg7 32. Bxg7 Kxg7
33. Rg5 Nb2 34. Qe5+ Kf8 35. Bxg6 1-0

[Event "Gibtelecom Masters"]
[Site "Catalan Bay ENG"]
[Date "2007.02.01"]
[Round "9"]
[White "Smerdon,D"]
[Black "Bellin,R"]
[Result "1-0"]
[WhiteElo "2460"]
[BlackElo "2381"]
[EventDate "2007.01.23"]

1. e4 e5 2. Nf3 Nf6 3. Nxe5 d6 4. Nf3 Nxe4 5. Nc3 Nxc3 6. dxc3 Be7 7. Be3
O-O 8. Qd2 Nd7 9. O-O-O c6 10. h4 Ne5 11. Bd3 Qa5 12. Kb1 Be6 13. b3 Nxd3
14. Qxd3 Bf5 15. Qd2 Bg4 16. Rdg1 Bxf3 17. gxf3 Bf6 18. Kb2 Rfe8 19. Bg5
Re6 20. Bxf6 Rxf6 21. Rg5 Rf5 22. Qd3 g6 23. f4 Re8 24. Qxd6 Rxg5 25. hxg5
Qf5 26. Rd1 Re2 27. Rd3 c5 28. b4 b6 29. f3 Kg7 30. b5 h5 31. gxh6+ Kxh6
32. Rd2 Rxd2 33. Qxd2 f6 34. Qd6 Kh5 35. Qb8 g5 36. Qxa7 Kh4 37. Qxb6 Qxf4
38. Qc6 f5 39. b6 g4 40. fxg4 fxg4 41. b7 1-0

[Event "Gibtelecom Masters"]
[Site "Catalan Bay ENG"]
[Date "2007.02.01"]
[Round "9"]
[White "Ly,M"]
[Black "Vijayalakshmi,S"]
[Result "0-1"]
[WhiteElo "2307"]
[BlackElo "2459"]
[EventDate "2007.01.23"]

1. e4 e5 2. f4 exf4 3. Bc4 Ne7 4. Nc3 c6 5. Qf3 Ng6 6. d4 d6 7. Nge2 Qh4+
8. g3 Qg4 9. Qf2 b5 10. Bb3 b4 11. Nd5 fxg3 12. Nxg3 Qd7 13. Ba4 Qb7 14.
Bg5 Be6 15. O-O-O Nd7 16. Rhe1 cxd5 17. Nf5 dxe4 18. d5 Bxd5 19. Rxe4+ Bxe4
20. Rxd6 Bxf5 21. Qe3+ Be7 22. Bc6 Qc7 23. Rxg6 O-O 0-1

[Event "Gibtelecom Masters"]
[Site "Catalan Bay ENG"]
[Date "2007.02.01"]
[Round "9"]
[White "Ward,C"]
[Black "Solomon,K"]
[Result "1/2-1/2"]
[WhiteElo "2456"]
[BlackElo "2320"]
[EventDate "2007.01.23"]

1. d4 d5 2. c4 c6 3. Nf3 Nf6 4. Nc3 dxc4 5. a4 Bf5 6. e3 e6 7. a5 Bd3 8.
Bxd3 cxd3 9. Qb3 Qc7 10. e4 Na6 11. O-O Be7 12. Bd2 O-O 13. e5 Nd7 14. Ne4
Rfd8 15. Rfc1 Nf8 16. Qxd3 Ng6 17. Qc4 Qd7 18. b4 Nc7 19. Nc5 Bxc5 20. bxc5
a6 21. Bg5 Rf8 22. Re1 Nb5 23. Rad1 h6 24. Be3 Qd8 25. Nd2 Qxa5 26. Ne4 Qd8
27. Nd6 Nxd6 28. cxd6 Qd7 29. Ra1 a5 30. Qc3 b6 31. f4 f5 32. g3 Rfc8 33.
Reb1 Rab8 34. h3 Kh8 35. Kh2 Nf8 36. Rb2 Qe8 37. g4 Qf7 38. Qd3 g6 39. Rg2
Nd7 40. Rag1 Rg8 41. gxf5 gxf5 42. Qc4 Rxg2+ 43. Rxg2 Rc8 44. Qa6 Rb8 45.
Qa7 Kh7 46. Qc7 c5 47. dxc5 bxc5 48. Bxc5 Rb3 49. Bf2 a4 50. Qc4 Rb8 51.
Qxa4 Rg8 52. Bh4 Rxg2+ 53. Kxg2 Qg8+ 54. Kf3 Qc8 55. Bf2 Qb7+ 56. Kg3 Qc8
57. Qa7 Kg6 58. Qc7 Qe8 59. Kh2 Kh5 60. Qb7 Kg6 61. Bh4 Kh7 62. Bf6 Qf7 63.
Qc8 Nb6 64. Qd8 Nd7 65. Kg3 Qg8+ 66. Kh4 Qxd8 67. Bxd8 Kg6 68. Kg3 Kf7 69.
Kf3 Nf8 70. Bf6 h5 71. Kg3 Nd7 72. Bd8 Nc5 73. Bc7 Nd7 74. Ba5 Nc5 75. Bb4
Nd7 76. Kf3 Nf8 77. Ke3 Ke8 78. Be1 Ng6 79. Bg3 Kd7 80. Kd4 Kc6 81. Kc4 Kb6
82. Kb4 Kc6 83. Ka5 Kd7 84. Kb6 Nf8 85. Bh4 Ng6 86. Bg5 Nf8 87. Kc5 Ng6 88.
Bh6 Nh4 89. Bg5 Ng6 90. Kb5 Nf8 91. Kc4 1/2-1/2